| 000 | 00356pab a2200145 454500 | ||
|---|---|---|---|
| 008 | 180718b2003 xxu||||| |||| 00| 0 eng d | ||
| 100 | _aSharma, Anil | ||
| 245 | _aFreeing agricultural trade: a mixed blessing for the economy | ||
| 260 | _c2003 | ||
| 300 | _ap.57-68. | ||
| 362 | _aJan-Mar | ||
| 650 | _aAgriculture | ||
| 773 | _aMargin | ||
| 909 | _a57367 | ||
| 999 |
_c57367 _d57367 |
||